| 000 | 00572nam a2200205Ia 4500 | ||
|---|---|---|---|
| 005 | 20250326144451.0 | ||
| 008 | 250326s9999 xx 000 0 und d | ||
| 020 | _a978-0-8144-0933-6; 0-8144-0933-4 | ||
| 037 | _aTextbook | ||
| 040 |
_aFMSL _beng _cFMSL |
||
| 041 |
_aeng _2eng |
||
| 084 |
_aX:51 P8 _qFMSL |
||
| 100 |
_aMiller B C _9749705 |
||
| 245 | 0 |
_aQuick Meeting openers for busy managers _cMiller B C |
|
| 260 |
_aNew York _bNew York, Amacom _c2008 |
||
| 300 | _a175p | ||
| 365 | _b877.2165 | ||
| 942 |
_cTB _hX:51 P8 |
||
| 999 |
_c1303805 _d1303805 |
||